A complete guide to homeopathic remedies / (Record no. 35726)
[ view plain ]
| 000 -LEADER | |
|---|---|
| fixed length control field | 00638nam a22001814a 4500 |
| 005 - DATE AND TIME OF LATEST TRANSACTION | |
| control field | 20100506104856.0 |
| 008 - FIXED-LENGTH DATA ELEMENTS--GENERAL INFORMATION | |
| fixed length control field | 090211s2008 ii ab b 000 0 eng |
| 020 ## - INTERNATIONAL STANDARD BOOK NUMBER | |
| International Standard Book Number | 9788172452889 |
| Terms of availability | 150.00 |
| 037 ## - SOURCE OF ACQUISITION | |
| Source of stock number/acquisition | PUB |
| 040 ## - CATALOGING SOURCE | |
| Original cataloging agency | dpl |
| Language of cataloging | English |
| 100 ## - MAIN ENTRY--PERSONAL NAME | |
| Personal name | Bhardwaj, Ashwani |
| 245 ## - TITLE STATEMENT | |
| Title | A complete guide to homeopathic remedies / |
| Statement of responsibility, etc | by Ashwani Bhardwaj |
| 260 ## - PUBLICATION, DISTRIBUTION, ETC. (IMPRINT) | |
| Place of publication, distribution, etc | New Delhi |
| Name of publisher, distributor, etc | Goodwill Publishing House |
| Date of publication, distribution, etc | (200?) |
| 270 ## - ADDRESS | |
| Address | B-3, Rattan Jyoti, 18 Rajendra Place, |
| City | New Delhi |
| Postal code | 110008 |
| 300 ## - PHYSICAL DESCRIPTION | |
| Extent | iv, 500p. |
| Dimensions | 24 cm(pbk ) |
| 942 ## - ADDED ENTRY ELEMENTS (KOHA) | |
| Source of classification or shelving scheme | Dewey Decimal Classification |
| Item type | English Books |
| Call number suffix | BHA |
| Withdrawn status | Lost status | Source of classification or shelving scheme | Damaged status | Not for loan | Home library | Current library | Date acquired | Cost, normal purchase price | Total Checkouts | Full call number | Date last seen | Cost, replacement price | Koha item type |
|---|---|---|---|---|---|---|---|---|---|---|---|---|---|
| Dewey Decimal Classification | Ordered | Andrews Gunj | Andrews Gunj | 06/05/2010 | 150.00 | BHA | 06/05/2010 | 150.00 | English Books |
